1297 1682 1337 1837 1474 1834 1025 1338 1987 1257 1798 1410 1120 1093 1193 1089 1781 1271 1935 1861 1313 1410 1485 1311 1937 1355 1458 1532 1956 1984 1845 1640 1844 1743 1019 1186 1298 1672 1345 1254 1552 1016 1373 1589 1174 1477 1645 1644 1027 1266 1990 1380 1050 1069 1034 1677 1933 1596 1242 1635 1757 1435 1229 1890 1465 1304 1609 1741 1736 1054 1134 1356 1425 1374 1137 1084 1121 1295 1599 1606 1340 1518 1594 1610 1069 1099 1396 1272 1407 1488 1655 1438 1091 1125 1918 1754 1642 1208 1530 BCNSPRNW ULIB Ver.6.0+V

เปลี่ยนเป็นภาษาไทย

Change to English
 แสดงรายละเอียดบรรณานุกรม
  กลับหน้าหลัก

Brief Record : Get Marc (ISO 2709) : E-mail record : QR code < ปิดหน้าต่าง
LEADER : 00000nas 2200000uu 4500
001    13399122362
003     ULIB
008    020711s|||| th a 000 0 tha d
110    กระทรวงสาธารณสุข
245    สถานการณ์สุขภาพไทย /^cกระทรวงสาธารณสุข
260    นนทบุรี :^bกระทรวงสาธารณสุข,^cม.ป.ป.
310    ^aรายเดือน
850    ^aปีที่ 6 ฉบับที่ 1;ปีที่ 6 ฉบับที่ 2
945    ^p0^l0^i901140
945    ^p0^l0^i901141
รายการนี้ยังไม่มีแท็ก
คุณยังไม่ได้ล็อกอิน คุณสามารถมีกิจกรรมร่วมกับเว็บไซต์ได้ แต่ต้องล็อกอินก่อน ::
  ล็อกอิน

รายการสื่อสารสนเทศ (วารสาร)

ดูแบบ: กล่อง รายการ
ARRIVED
ปีที่ 6 ฉบับที่ 1
สถานที่: ห้องสมุดวิทยาเขตสวรรค์ประชารักษ์ >วารสาร
ARRIVED
ปีที่ 6 ฉบับที่ 2
สถานที่: ห้องสมุดวิทยาเขตสวรรค์ประชารักษ์ >วารสาร

BibComment


ยังไม่เคยถูกคอมเมนท์

คอมเมนท์ทรัพยากรรายการนี้
  คอมเมนท์: สถานการณ์สุขภาพไท..


 Copyright 2026. Bcnsprnw @Library